Normal view
MARC view
Entry Personal Name
001 - CONTROL NUMBER
- control field: 711981
003 - CONTROL NUMBER IDENTIFIER
- control field:
005 - DATE AND TIME OF LATEST TRANSACTION
- control field: 20210627043149.0
008 - FIXED-LENGTH DATA ELEMENTS
- fixed length control field: 210627|| aca||aabn | a|a d
040 ## - CATALOGING SOURCE
- Original cataloging agency:
- Transcribing agency:
100 ## - HEADING--PERSONAL NAME
- Personal name: Shofner, Frederick M
670 ## - SOURCE DATA FOUND
- Source citation: Work cat.: ()587665: Shofner, Frederick M., Explicit calibration of the pills II system /, 1973
